Normal view
MARC view
- Liao. Y Samuel
Entry Personal Name
001 - CONTROL NUMBER
- control field: 122600
003 - CONTROL NUMBER IDENTIFIER
- control field: NUST
005 - DATE AND TIME OF LATEST TRANSACTION
- control field: 20240513124547.0
008 - FIXED-LENGTH DATA ELEMENTS
- fixed length control field: 240513|| aca||aabn | a|a d
040 ## - CATALOGING SOURCE
- Original cataloging agency: NUST
- Transcribing agency: NUST
100 ## - HEADING--PERSONAL NAME
- Personal name: Liao. Y Samuel
670 ## - SOURCE DATA FOUND
- Source citation: Work cat.: (NUST): Liao. Y Samuel, Microwave Devices and Circuits, 2004.
